2014 Marketing basics : (Record no. 5754)

MARC details
000 -LEADER
fixed length control field 00668nam a22002297i 4500
003 - CONTROL NUMBER IDENTIFIER
control field URS
005 - DATE AND TIME OF LATEST TRANSACTION
control field 20220117150735.0
020 ## - INTERNATIONAL STANDARD BOOK NUMBER
International Standard Book Number 9789712368202
040 ## - CATALOGING SOURCE
Language of cataloging eng
Transcribing agency URS
Description conventions rda
050 14 - LIBRARY OF CONGRESS CALL NUMBER
Classification number HF 5415
Item number .B183 2014
100 1# - MAIN ENTRY--PERSONAL NAME
Personal name Balasan, Ma. Nancy T.
Relator term author.
245 10 - TITLE STATEMENT
Title 2014 Marketing basics :
Remainder of title a modular approach /
Statement of responsibility, etc. Ma. Nancy T. Balasan.
264 #1 - PRODUCTION, PUBLICATION, DISTRIBUTION, MANUFACTURE, AND COPYRIGHT NOTICE
Place of production, publication, distribution, manufacture Manila :
Name of producer, publisher, distributor, manufacturer Rex Bookstore,
Date of production, publication, distribution, manufacture, or copyright notice [2014].
264 #4 - PRODUCTION, PUBLICATION, DISTRIBUTION, MANUFACTURE, AND COPYRIGHT NOTICE
Date of production, publication, distribution, manufacture, or copyright notice ©2014
300 ## - PHYSICAL DESCRIPTION
Extent ix, 117 pages ;
Dimensions 26 cm.
336 ## - CONTENT TYPE
Content type term text
Content type code txt
Source rdacontent
337 ## - MEDIA TYPE
Media type term unmediated
Media type code n
Source rdamedia
338 ## - CARRIER TYPE
Carrier type term volume
Carrier type code nc
Source rdacarrier
500 ## - GENERAL NOTE
General note Includes bibliographical references and index.
650 #0 - SUBJECT ADDED ENTRY--TOPICAL TERM
Topical term or geographic name entry element Marketing
942 ## - ADDED ENTRY ELEMENTS (KOHA)
Koha item type Filipiniana
Source of classification or shelving scheme Library of Congress Classification
Holdings
Withdrawn status Source of classification or shelving scheme Damaged status Not for loan Collection code Home library Current library Shelving location Date acquired Source of acquisition Cost, normal purchase price Total Checkouts Full call number Barcode Date last seen Price effective from Koha item type Copy number Date last checked out
  Library of Congress Classification       Binangonan College Library Binangonan College Library Filipiniana Section 06/07/2023       HF 5415 .B183 2014 URSBIN-3339 10/27/2022 10/27/2022 Filipiniana    
  Library of Congress Classification     Non-fiction Pililla College Library Pililla College Library General Stacks 02/20/2016 purchased     658.8 B18m 2014 URSPIL-5354 07/24/2018 02/20/2016 Filipiniana 1  
  Library of Congress Classification     Non-fiction Pililla College Library Pililla College Library General Stacks 02/20/2016 purchased     658.8 B18m 2014 URSPIL-5355 07/24/2018 02/20/2016 Filipiniana 2  
  Library of Congress Classification     Non-fiction Pililla College Library Pililla College Library General Stacks 02/20/2016 purchased   1 658.8 B18m 2014 URSPIL-5356 02/21/2020 02/20/2016 Filipiniana 3 02/21/2020
  Library of Congress Classification     Non-fiction Pililla College Library Pililla College Library General Stacks 02/20/2016 purchased     658.8 B18m 2014 URSPIL-5357 07/24/2018 02/20/2016 Filipiniana 4  
  Library of Congress Classification     Non-fiction Pililla College Library Pililla College Library General Stacks 02/20/2016 purchased     658.8 B18m 2014 URSPIL-5358 07/24/2018 02/20/2016 Filipiniana 5  
  Library of Congress Classification     Non-fiction Tanay College Library Tanay College Library General Stacks 11/26/2015 Purchase 235.00   HF5415 .B183 2014 URSTAN-N1997 03/24/2017 03/10/2016 Filipiniana    
  Library of Congress Classification     Non-fiction Tanay College Library Tanay College Library General Stacks 11/26/2015 Purchase 235.00   HF5415 .B183 2014 URSTAN-N1998 03/24/2017 03/10/2016 Filipiniana    
  Library of Congress Classification     Non-fiction Tanay College Library Tanay College Library General Stacks 11/26/2015 Purchase 235.00   HF5415 .B183 2014 URSTAN-N1999 03/24/2017 03/10/2016 Filipiniana    

University of Rizal System
Email us at univlibservices@urs.edu.ph

Visit our Website www.urs.edu.ph/library